Derechos fundamentales para los demás animales. Especismo, igualdad y justicia interespecies (Registro nro. 17676)
[ vista simple ]
| 000 -LEADER | |
|---|---|
| fixed length control field | 00371 a2200109 4500 |
| 001 - CONTROL NUMBER | |
| control field | ART_49887 |
| 005 - DATE AND TIME OF LATEST TRANSACTION | |
| control field | 20260410161729.0 |
| 008 - FIXED-LENGTH DATA ELEMENTS--GENERAL INFORMATION | |
| fixed length control field | 260409a |
| 100 1# - MAIN ENTRY--PERSONAL NAME | |
| Personal name | Pezzetta, Silvina |
| 245 10 - TITLE STATEMENT | |
| Title | Derechos fundamentales para los demás animales. Especismo, igualdad y justicia interespecies |
| 773 0# - HOST ITEM ENTRY | |
| Title | Lecciones y ensayos |
| Related parts | - Nº 100 (jun. 2018) |
| Record control number | REV2658 |
No hay ítems disponibles.